Psicología evolutiva de la infancia
Gorde:
| Egile nagusia: | |
|---|---|
| Formatua: | Liburua |
| Hizkuntza: | gaztelania |
| Argitaratua: |
Buenos Aires
Troquel
1979
|
| Gaiak: | |
| Etiketak: |
Etiketa erantsi
Etiketarik gabe, Izan zaitez lehena erregistro honi etiketa jartzen!
|
MARC
| LEADER | 00000nam a2200000 a 4500 | ||
|---|---|---|---|
| 001 | UCW4600 | ||
| 003 | CL-VaPUC | ||
| 005 | 20210330001322.0 | ||
| 008 | 900605e19790000AG |||||||||||||||||spa|d | ||
| 999 | |c 218280 |d 218278 | ||
| 040 | |c Pontificia Universidad Católica de Valparaíso | ||
| 082 | 0 | 4 | |a 155.413 BIA 1979 |2 21 |
| 100 | 0 | |a Bianchi, Ariel E |9 309369 | |
| 245 | 1 | 0 | |a Psicología evolutiva de la infancia |
| 260 | |a Buenos Aires |b Troquel |c 1979 | ||
| 300 | |a 255 páginas | ||
| 583 | |a last modification |c 20130106 10:46:33 |k Rodrigo Vera | ||
| 650 | 0 | |a Psicología evolutiva |9 271069 | |
| 650 | 7 | |a PSICOLOGIA GENETICA |2 CL-VaPUC |9 308771 | |
| 650 | 0 | |a Psicología del niño |9 307305 | |
| 942 | |c BK |2 ddc | ||
| 945 | |d 19900605 00:00:00 | ||
| 952 | |0 0 |1 0 |2 ddc |4 0 |6 155_413000000000000_BIA_1979 |7 0 |8 P |9 207540 |a BIBEDU |b BIBEDU |c BIBEDU_PB |d 2019-11-15 |i 2753553 |o 155.413 BIA 1979 |p 2753553 |r 2024-01-25 |t 1 |w 2019-11-15 |y BK |k EDU | ||